Lost- Les 14 survivants qui apparaissent dès la saison 1 - Statistiques

Statistiques générales
  • Ce quiz a été pris 172 fois
  • Le résultat moyen est 11 sur 14
Statistiques - réponses
Survivants de la saison 1 % Correct
Jack Shepard
98%
John Locke
93%
James "Sawyer" Ford
92%
Kate Austen
92%
Charlie Pace
83%
Hugo "Hurley" Reyes
83%
Claire Littleton
81%
Jin-Soo Kwon
80%
Sun-Hwa Kwon
78%
Sayid Jarrah
76%
Michael Dawson
69%
Boone Carlyle
66%
Walt Lloyd
65%
Shannon Rutherford
63%
Aucun quiz correspondant
Distribution des résultats
% des personnes avec chaque résultat
Percentile par nombre de réponses
Votre historique - résultats
Vous n’avez pas pris ce quiz